| 000 | 01220nam a2200265 a 4500 | ||
|---|---|---|---|
| 001 | 000872211 | ||
| 003 | AM-YEHGA | ||
| 005 | 20250617160356.0 | ||
| 008 | 120305s1972 ru r 000 0 rus d | ||
| 040 | _aAM-YeHGA | ||
| 041 | 0 | _arus | |
| 245 | 0 | 0 |
_aВыращивание безвирусного посадочного материала плодовых и ягодных культур : _b(Сборник научных работ) / _cПод ред. В.Г. Трушечкина и др.; МСХ РСФСР; НИЗИСНП. |
| 260 |
_aМосква : _bтип. ВАСХНИЛ, _c |
||
| 300 |
_aТом ; _c20 см. |
||
| 504 | _aЛит. после каждой главы | ||
| 504 | _aБиблиогр. : с. 193-206 | ||
| 505 | 1 | 0 | _gТом V (1972, 206 с., рис., табл.) |
| 650 | 1 | 4 | _aПлодоводство |
| 650 | 1 | 4 | _aЯгодоводство |
| 700 | 1 |
_aТрушечкин, В.Г. _eред. _4edt |
|
| 710 | 2 | _aМинистерство сельского хозяйства РСФСР | |
| 710 | 2 | _aНаучно-исследовательский зональный институт садоводства нечерноземной полосы | |
| 942 |
_2udc _cBK |
||
| 090 | _c455028 | ||
| 999 |
_c452082 _d452082 |
||